Microwve and RF design of wireless systems
This book presents every aspects of modern wireless system desig from the antenna to the baseband level. It offers the most complte and up-to-date presentation of the operation and design of modern wireless telecommunication systems, covering antennas and propagation, noise characterization of syste...
Shranjeno v:
| Glavni avtor: | |
|---|---|
| Format: | Knjiga |
| Jezik: | Undetermined |
| Izdano: |
New York
John Wiley & Sons
2001
|
| Teme: | |
| Oznake: |
Označite
Brez oznak, prvi označite!
|
| Thư viện lưu trữ: | Trung tâm Học liệu Trường Đại học Cần Thơ |
|---|
| LEADER | 01081nam a2200205Ia 4500 | ||
|---|---|---|---|
| 001 | CTU_42418 | ||
| 008 | 210402s9999 xx 000 0 und d | ||
| 020 | |c 344000 | ||
| 082 | |a 621.382 | ||
| 082 | |b P893 | ||
| 100 | |a David M. Pozar | ||
| 245 | 0 | |a Microwve and RF design of wireless systems | |
| 245 | 0 | |c David M. Pozar | |
| 260 | |a New York | ||
| 260 | |b John Wiley & Sons | ||
| 260 | |c 2001 | ||
| 520 | |a This book presents every aspects of modern wireless system desig from the antenna to the baseband level. It offers the most complte and up-to-date presentation of the operation and design of modern wireless telecommunication systems, covering antennas and propagation, noise characterization of systems and components, digital modulation methods, and the design and operation of wireless components such as filters, amplifiers, mixers, and phase-locked loops. | ||
| 650 | |a Microwave communication systems,Mobile communication systems,Radio frequency,Wireless communication systems | ||
| 904 | |i Minh, Hải | ||
| 980 | |a Trung tâm Học liệu Trường Đại học Cần Thơ | ||